000
00311 a2200133 4500
001
155557
040
_c
Escola São Tomás de Aquino
100
_a
OLIVEIRA, Maria Lucia de
240
1
0
_a
Língua portuguesa
_l
por
245
1
0
_a
Língua portuguesa
300
_a
136
697
_a
Língua portuguesa
942
_c
BK
999
_c
155557
_d
155557